000 00436nam a2200181Ia 4500
001 1793
005 20260306143754.0
008 260306t2014||||xx |||||||||||||| ||spa||
041 _aESP
082 _a155.4
_bR75
100 _aRodríguez de Ibarra, Diana
_eAUT
245 0 _aDisciplina con inteligencia y amor
260 _c2014
300 _a175 páginas :
_c23 cm.
650 _aGEN
654 _aCPS
942 _cLIB
_dJUS
_fJUS
_2ddc
_n
999 _c1793
_d1793